000
00317nam a2200109Ia 4500
008
200302s9999 xx 000 0 und d
100
_a
Jonathan Barnett
245
_a
City Design Modernist,Traditional, green and systems perspectives 2nd ed.,
260
_b
Routledge publishing Co.
260
_c
2016
300
_a
269 P.,
999
_c
5378
_d
5378